Регионална библиотека "Любен Каравелов" - Русе

Програмни лекции по логистика и теория на запасите (Запис номер 59112)

MARC детайли
000 -Лидер
Контролно поле с фиксирана дължина nam a22 a 4500
003 - Код на организацията, давaща контролен номер
Контролно поле BLK
005 - Дата и час на последна редакция
Контролно поле 20230504134254.0
008 - Елементи от данни с фиксирана дължина
fixed length control field 180408b bul|||||r ||||||| ||bul||
010 ## - Наследен системен номер
LC control number KNG00063190000
040 ## - Източник на каталожния запис
Идентификатор на билиотеката - собственик на записа BLK
041 ## - Код за език
Код за езика на текст/звукозапис или на отделно заглавие Български
Код за езика КДБФ Български
080 ## - УДК
Текстов определител УДК Общи въпроси на производството (Организация на производствения процес вж 658.5)
УДК код - определител по УДК 338.3
УДК - код + определител 338.3
080 ## - УДК
Текстов определител УДК Купуване. Доставяне. Управление на стоки. Складово стопанство
УДК код - определител по УДК 658.7
УДК - код + определител 658.7
080 ## - УДК
Текстов определител УДК Форми на предприятията в зависимост от отношението към собствеността...
УДК код - определител по УДК 334.72
УДК определител .008
УДК - код + определител 334.72.008
100 1# - Редна дума - Автор
Автор Папазов, Кръстю Игнатов
Авторска отговорност първи автор
R(LIN) 268827
139 ## - Редно поле
Редна дума Папазов, Кръстю Игнатов
Авторски знак Пап - П 21
245 10 - Сведения за заглавието
Заглавие Програмни лекции по логистика и теория на запасите
Редно поле (дума) Кръстю Игнатов Папазов.
257 ## - Страна на издаване
Страна на създаване/издаване България
260 ## - Област на издателските данни
Място на издаване, разпространение и проч. Свищов
Име на издателя, разпространителя и проч. ВФСИ Д. А. Ценов
Година на издаване 1992
300 ## - Физическа характеристика
Страници 99 с.
Илюстрации и др. с ил., табл.
Размери/Мащаб 19 см
380 ## - Жанр
Жанр Обществени науки
500 ## - Общи забележки
Забележка Изд. на ВФСИ Д. А. Ценов - Свищов. Кат. Стратег. планиране и маркетинг.
650 #4 - Допълнително описание по предмет – тема
Основно описание – тема или топоним Материално-техническо снабдяване - организация и управление
9 (RLIN) 259893
650 #4 - Допълнително описание по предмет – тема
Основно описание – тема или топоним Запаси - на материално-технически ценности
9 (RLIN) 263743
650 #4 - Допълнително описание по предмет – тема
Основно описание – тема или топоним Фирми - организация
9 (RLIN) 263744
653 ## - Ключова дума – ненормативна
Ключова дума материално-техническо снабдяване
653 ## - Ключова дума – ненормативна
Ключова дума фирми
653 ## - Ключова дума – ненормативна
Ключова дума материално-технически ресурси
852 ## - Местоположение
Форматна сигнатура Цб 174560
Фондова буква Хранилище
856 4# - Електронен адрес и достъп
Електронен формат pdf - файл
Инструкция (цена за достъп) 0.00
Права за достъп disable
856 4# - Електронен адрес и достъп
Електронен формат pdf - файл
Инструкция (цена за достъп) 0.00
Права за достъп disable
999 ## - СИСТЕМНИ КОНТРОЛНИ НОМЕРА
Koha biblionumber 59112
Koha biblioitemnumber 59112
942 ## - АРТИКУЛИ
Вид на библиотечния материал Книги
Скрит в OPAC Не
Koha issues (borrowed), all copies 1
Периодичен библиозапис Да
944 ## - СЪЗДАВАНЕ И РЕДАКЦИЯ на ЗАПИСА
Създаване/Редакция Създаване
Дата на регистрацията/редакция 13.06.2004
Служител, извършил регистрацията/редакцията Кети_Илиева
944 ## - СЪЗДАВАНЕ И РЕДАКЦИЯ на ЗАПИСА
Създаване/Редакция Редакция
Дата на регистрацията/редакция 03.07.2015
Служител, извършил регистрацията/редакцията Милена_Ачева
999 ## - СИСТЕМНИ КОНТРОЛНИ НОМЕРА
Koha biblioitemnumber 59112
Наличности
Код за отписване Код за изгубен артикул Източник на класификационната схема Код за повреда Коз за рестрикции Код за отдаване Артикулен № Име на библиотеката - собственик Име на библиотеката, в която се намира в момента Статус (Текущо местоположение) Дата на вписване в системата Местоположение - отдел Цена в лева Инвентарен номер Систематично азбучна сигнатура Баркод Номер на екземпляра Цена в евро Служебна бележка Служебен тип на артикула
  Не е изгубен Universal Decimal Classification Не е повреден без рестрикции заемане за дома 96249 Регионална библиотека "Любен Каравелов" Русе Регионална библиотека "Любен Каравелов" Русе Заемна - подръчен фонд 1992-01-01 Заемна - подръчен фонд 5.00 653516 П 338/П 21 120000653516 1 2.56 Дост: Pk Вид: Сф N: стар фонд Дата: 01.01.1992 Дата инв: 05.02.2018 Бележки инв: П2018 Книги
  Не е изгубен Universal Decimal Classification Не е повреден без рестрикции ползва се в читалня 96250 Регионална библиотека "Любен Каравелов" Русе Регионална библиотека "Любен Каравелов" Русе Хранилище 1992-01-01 Хранилище 0.00 583123 Цб 174560 120000583123 2 0.00 Дост: Dp Вид: Д N: стар фонд Дата: 01.01.1992 Книги
Vip Innovations Ltd, Rousse, Bulgaria 2025